[Event "Druga liga CS - Zapad 2018"]
[Site "?"]
[Date "2018.10.04"]
[Round "6.1"]
[White "Jovicic, Radosav"]
[Black "Stojanovic, Marko"]
[Result "0-1"]
[WhiteElo "2219"]
[BlackElo "2263"]
[PlyCount "92"]
[EventDate "2018.09.07"]
[WhiteTeam "KRUSEVAC - Krusevac"]
[BlackTeam "SLOGA - Lipnicki sor"]

1. d4 Nf6 2. Nf3 e6 3. c4 b6 4. g3 Bb7 5. Bg2 Be7 6. O-O O-O 7. Re1 d6 8. Nc3
c5 9. d5 exd5 10. cxd5 Na6 11. e4 Nc7 12. Nh4 g6 13. Bh6 Re8 14. f4 Kh8 15. Bg5
h6 16. Bxh6 Ng8 17. Bg5 Bxg5 18. fxg5 Qxg5 19. Nf3 Qf6 20. Qd2 Rad8 21. Rf1 Qg7
22. Ng5 Nh6 23. Qf4 Kg8 24. Bh3 b5 25. Rf2 b4 26. Nd1 Qe5 27. Qh4 Kg7 28. Ne3
Rh8 29. Nf3 Qf6 30. Ng5 Qd4 31. Re1 Bc8 32. Bxc8 Rxc8 33. b3 Rce8 34. Nc4 Nf5
35. Qf4 Nxd5 36. Qf3 Qf6 37. h4 Qc3 38. Ref1 Qxf3 39. Rxf3 f6 40. exf5 fxg5 41.
f6+ Kf8 42. hxg5 Rh5 43. Nxd6 Re6 44. Nb7 Ra6 45. Nxc5 Ra5 46. Ne4 Rxa2 0-1

[Event "Druga liga CS - Zapad 2018"]
[Site "?"]
[Date "2018.10.04"]
[Round "6.1"]
[White "Bircakovic, Mile"]
[Black "Djokic, Slavoljub"]
[Result "1-0"]
[WhiteElo "2214"]
[BlackElo "2122"]
[PlyCount "77"]
[EventDate "2018.09.07"]
[WhiteTeam "SLOGA - Lipnicki sor"]
[BlackTeam "KRUSEVAC - Krusevac"]

1. e4 c5 2. Nf3 d6 3. d4 cxd4 4. Qxd4 Nf6 5. Nc3 Nc6 6. Bb5 Bd7 7. Qd3 g6 8.
Be3 Bg7 9. h3 O-O 10. O-O a6 11. Bxc6 Bxc6 12. Nd4 Bd7 13. f4 Qc7 14. Rac1 b5
15. a3 Rab8 16. e5 Ne8 17. Nd5 Qd8 18. Nb4 Ra8 19. Rfd1 dxe5 20. Ndc6 Bxc6 21.
Qxd8 Rxd8 22. Rxd8 Bb7 23. Rd7 Bc8 24. Rxe7 exf4 25. Bc5 Nf6 26. Rd1 Bf5 27. c3
a5 28. Nc6 Ne4 29. Rxe4 Bxe4 30. Bxf8 Bxf8 31. Nxa5 f3 32. gxf3 Bxf3 33. Rd8
Kg7 34. Nb3 f5 35. Nd4 Be4 36. Re8 Bd3 37. Re3 Bc4 38. b3 Bd5 39. Re5 1-0

[Event "Druga liga CS - Zapad 2018"]
[Site "?"]
[Date "2018.10.04"]
[Round "6.1"]
[White "Savic, Petar A"]
[Black "Zajic, Milun"]
[Result "0-1"]
[WhiteElo "2104"]
[BlackElo "2006"]
[PlyCount "96"]
[EventDate "2018.09.07"]
[WhiteTeam "SLOGA - Lipnicki sor"]
[BlackTeam "KRUSEVAC - Krusevac"]

1. e4 d5 2. exd5 Qxd5 3. Nc3 Qd6 4. Nf3 Nf6 5. d4 c6 6. h3 Bf5 7. Bc4 e6 8. O-O
Be7 9. Re1 O-O 10. Bg5 h6 11. Bh4 Nbd7 12. a3 Nb6 13. Bb3 Rfd8 14. Bg3 Qd7 15.
Qe2 Nbd5 16. Ne5 Qe8 17. Qf3 Nxc3 18. bxc3 Rac8 19. a4 Nh7 20. h4 Nf6 21. a5
Nd7 22. Nc4 Qf8 23. a6 b6 24. Ne3 Bh7 25. Ng4 Bd6 26. Rad1 Bf5 27. Ne3 Bh7 28.
Nc4 Be7 29. Rd2 b5 30. Na5 c5 31. Nb7 c4 32. Ba2 Nb6 33. Nxd8 Rxd8 34. Bc7 Nd5
35. Rb1 Nxc7 36. Qb7 Rc8 37. Qxa7 Be4 38. Re2 Bd5 39. Qb6 Bxh4 40. a7 Qd8 41.
Re5 Bf6 42. Re3 Qd7 43. Qb8 Bg5 44. Re5 Kh7 45. Re2 Bf4 46. Rb2 Qd8 47. Qb6 Qh4
48. f3 Bg3 0-1

[Event "Druga liga CS - Zapad 2018"]
[Site "?"]
[Date "2018.10.04"]
[Round "6.1"]
[White "Pribanovic, Milivoje"]
[Black "Rikalovic, Milan"]
[Result "0-1"]
[WhiteElo "1871"]
[BlackElo "2047"]
[PlyCount "46"]
[EventDate "2018.09.07"]
[WhiteTeam "KRUSEVAC - Krusevac"]
[BlackTeam "SLOGA - Lipnicki sor"]

1. e4 e6 2. d4 d5 3. e5 c5 4. c3 Qb6 5. Nf3 Nc6 6. Be2 cxd4 7. cxd4 Nge7 8. Nc3
Nf5 9. Bb5 Bb4 10. Bxc6+ Qxc6 11. Qb3 Qb6 12. Be3 Bd7 13. O-O h5 14. a3 Ba5 15.
Qxb6 Bxb6 16. Rac1 O-O 17. b3 Rac8 18. Ne2 Ba5 19. Nf4 g6 20. g3 Rxc1 21. Rxc1
Rc8 22. Rxc8+ Bxc8 23. Kf1 Bd7 0-1

[Event "Druga liga CS - Zapad 2018"]
[Site "?"]
[Date "2018.10.04"]
[Round "6.1"]
[White "Acimovic, Radivoje"]
[Black "Tosic, Dragoljub"]
[Result "1-0"]
[WhiteElo "1985"]
[BlackElo "1834"]
[PlyCount "87"]
[EventDate "2018.09.07"]
[WhiteTeam "SLOGA - Lipnicki sor"]
[BlackTeam "KRUSEVAC - Krusevac"]

1. e4 d6 2. d4 Nf6 3. Nc3 g6 4. f3 Bg7 5. Be3 c6 6. Qd2 h5 7. h4 Qa5 8. O-O-O
Nbd7 9. Nh3 b5 10. Kb1 b4 11. Ne2 c5 12. Nc1 Qc7 13. Nf2 a5 14. dxc5 Nxc5 15.
e5 Nfd7 16. exd6 exd6 17. Qxd6 Qxd6 18. Rxd6 O-O 19. Bc4 Nb7 20. Rdd1 Nf6 21.
Rhg1 a4 22. g4 Na5 23. Bb5 Bb7 24. Bc5 Rfb8 25. Be2 b3 26. cxb3 axb3 27. a3 Nd5
28. gxh5 Nf4 29. hxg6 fxg6 30. Ne4 Rc8 31. Be3 Nxe2 32. Nxe2 Rc2 33. Nd4 Rh2
34. Rxg6 Kh7 35. Rdg1 Bxe4+ 36. fxe4 Ra7 37. R6g5 Nc4 38. Rh5+ Kg8 39. Bc1
Nxa3+ 40. bxa3 b2 41. Bxb2 Rb7 42. Rxg7+ Kxg7 43. Rb5 Rd7 44. Nf3+ 1-0

[Event "Druga liga CS - Zapad 2018"]
[Site "?"]
[Date "2018.10.04"]
[Round "6.1"]
[White "Ristic, Dejan D"]
[Black "Markovic, Dejan Z"]
[Result "1-0"]
[WhiteElo "1803"]
[BlackElo "1768"]
[PlyCount "100"]
[EventDate "2018.09.07"]
[WhiteTeam "KRUSEVAC - Krusevac"]
[BlackTeam "SLOGA - Lipnicki sor"]

1. c4 Nf6 2. Nc3 g6 3. d4 Bg7 4. e4 d6 5. f3 c6 6. Be3 Nbd7 7. Nh3 Nb6 8. Nf2
h6 9. Qd2 Be6 10. d5 cxd5 11. cxd5 Bd7 12. Bd3 Rc8 13. O-O a6 14. b3 Na8 15.
Rac1 b5 16. Ne2 h5 17. h4 O-O 18. Nd4 Kh7 19. Rxc8 Qxc8 20. Rc1 Qb7 21. Nc6
Bxc6 22. dxc6 Qc8 23. Nh3 Nc7 24. Nf4 Bh6 25. Kh1 Bxf4 26. Bxf4 Ne6 27. Bg3 Nc5
28. Bb1 Ne6 29. Kh2 Qa8 30. e5 dxe5 31. Bxe5 Rd8 32. Qe2 Rc8 33. Bxf6 exf6 34.
Be4 Qb8+ 35. g3 Qd6 36. Rd1 Qe5 37. f4 Qc3 38. Qxh5+ Kg7 39. Bxg6 Rh8 40. Qg4
fxg6 41. Rd7+ Kh6 42. Qxe6 Qc2+ 43. Kh3 Qf5+ 44. Qxf5 gxf5 45. c7 Rc8 46. g4
Kg6 47. h5+ Kh6 48. Kh4 fxg4 49. Kxg4 f5+ 50. Kxf5 Kxh5 1-0

[Event "Druga liga CS - Zapad 2018"]
[Site "?"]
[Date "2018.10.04"]
[Round "6.1"]
[White "Glisic, Luka"]
[Black "Ackovic, Nemanja"]
[Result "0-1"]
[WhiteElo "1435"]
[BlackElo "1706"]
[PlyCount "52"]
[EventDate "2018.09.07"]
[WhiteTeam "SLOGA - Lipnicki sor"]
[BlackTeam "KRUSEVAC - Krusevac"]

1. d4 Nf6 2. c4 e6 3. Nf3 d5 4. Nc3 Bb4 5. Bd2 c5 6. a3 Bxc3 7. bxc3 cxd4 8.
cxd4 Nc6 9. e3 Bd7 10. Be2 Ne4 11. cxd5 exd5 12. O-O O-O 13. Bd3 Bg4 14. Be2
Re8 15. h3 Bf5 16. Bb5 Re6 17. Bxc6 Rxc6 18. Ne5 Rh6 19. Re1 Qh4 20. Qf3 Rf6
21. Re2 Be6 22. g3 Rxf3 23. gxh4 Rxh3 24. Rb1 f6 25. Nd3 Bg4 26. Nf4 Rxh4 0-1

[Event "Druga liga CS - Zapad 2018"]
[Site "?"]
[Date "2018.10.04"]
[Round "6.3"]
[White "Tojagic, Dane"]
[Black "Bojovic, Dusan"]
[Result "1/2-1/2"]
[WhiteElo "2275"]
[BlackElo "2237"]
[PlyCount "29"]
[EventDate "2018.09.07"]
[WhiteTeam "LOZNICA GRAD - Loznica"]
[BlackTeam "ZUPA - Aleksandrovac"]

1. d4 Nf6 2. c4 g6 3. Nc3 Bg7 4. e4 d6 5. f3 O-O 6. Be3 Nbd7 7. Bd3 a6 8. Nge2
c5 9. Qd2 cxd4 10. Nxd4 Ne5 11. Be2 Nc6 12. O-O Nxd4 13. Bxd4 Be6 14. Rac1 Qa5
15. Rfd1 1/2-1/2

[Event "Druga liga CS - Zapad 2018"]
[Site "?"]
[Date "2018.10.04"]
[Round "6.3"]
[White "Jovanovic, Miroslav O"]
[Black "Markovic, Dragan P"]
[Result "1/2-1/2"]
[WhiteElo "2096"]
[BlackElo "2206"]
[PlyCount "26"]
[EventDate "2018.09.07"]
[WhiteTeam "ZUPA - Aleksandrovac"]
[BlackTeam "LOZNICA GRAD - Loznica"]

1. d4 Nf6 2. c4 e6 3. Nf3 b6 4. g3 Bb7 5. Bg2 Be7 6. O-O O-O 7. Nc3 Ne4 8. Nxe4
Bxe4 9. b3 Bf6 10. Bb2 c5 11. Qd2 cxd4 12. Bxd4 d5 13. Bxf6 Qxf6 1/2-1/2

[Event "Druga liga CS - Zapad 2018"]
[Site "?"]
[Date "2018.10.04"]
[Round "6.3"]
[White "Milovanovic, Nenad"]
[Black "Jovanovic, Obrad"]
[Result "1/2-1/2"]
[WhiteElo "2147"]
[BlackElo "2077"]
[PlyCount "40"]
[EventDate "2018.09.07"]
[WhiteTeam "LOZNICA GRAD - Loznica"]
[BlackTeam "ZUPA - Aleksandrovac"]

1. e4 c5 2. Nf3 Nc6 3. d3 g6 4. g3 Bg7 5. Bg2 d6 6. O-O e6 7. Nc3 Nge7 8. Nh4
O-O 9. f4 f5 10. Be3 Rb8 11. Qd2 Nd4 12. Nd1 Bd7 13. c3 Ndc6 14. Kh1 b6 15. h3
Rc8 16. Kh2 a5 17. c4 a4 18. Rb1 Nd4 19. Bxd4 Bxd4 20. Nc3 Bc6 1/2-1/2

[Event "Druga liga CS - Zapad 2018"]
[Site "?"]
[Date "2018.10.04"]
[Round "6.3"]
[White "Djukic, Sinisa"]
[Black "Osatovic, Milos"]
[Result "0-1"]
[WhiteElo "2039"]
[BlackElo "2115"]
[PlyCount "82"]
[EventDate "2018.09.07"]
[WhiteTeam "ZUPA - Aleksandrovac"]
[BlackTeam "LOZNICA GRAD - Loznica"]

1. d4 d5 2. Nf3 c6 3. c3 Nf6 4. Bg5 g6 5. Nbd2 Bg7 6. e3 O-O 7. Bd3 Bg4 8. Qb3
Bxf3 9. Nxf3 b6 10. O-O Nbd7 11. Rfe1 Re8 12. Rac1 e5 13. e4 dxe4 14. Bxe4 Qc7
15. Bxf6 Bxf6 16. dxe5 Bxe5 17. g3 Nc5 18. Qc2 Rad8 19. b4 Nxe4 20. Rxe4 Bf6
21. c4 a5 22. bxa5 bxa5 23. Rce1 Rxe4 24. Qxe4 Qd6 25. Kg2 Qc5 26. Re2 Kg7 27.
Qc2 Rb8 28. Qe4 a4 29. g4 a3 30. Nd2 Rb2 31. Nb3 Qb4 32. f4 Rxa2 33. Rxa2 Qxb3
34. Rxa3 Qb2+ 35. Kf1 Qxa3 36. Qxc6 Qc1+ 37. Kg2 Qxf4 38. Qd5 Qxg4+ 39. Kh1 Qh4
40. Qd3 Be5 41. Qe2 Qxh2+ 0-1

[Event "Druga liga CS - Zapad 2018"]
[Site "?"]
[Date "2018.10.04"]
[Round "6.3"]
[White "Osatovic, Aleksandar"]
[Black "Djukic, Sasa"]
[Result "1-0"]
[WhiteElo "2169"]
[BlackElo "1993"]
[PlyCount "81"]
[EventDate "2018.09.07"]
[WhiteTeam "LOZNICA GRAD - Loznica"]
[BlackTeam "ZUPA - Aleksandrovac"]

1. d4 d5 2. c4 Nc6 3. Nc3 dxc4 4. e3 Na5 5. Bxc4 Nxc4 6. Qa4+ c6 7. Qxc4 Nf6 8.
Nge2 Bf5 9. Ng3 Bg6 10. O-O e6 11. e4 Be7 12. Be3 h5 13. f3 Rc8 14. Rad1 b5 15.
Qb3 a5 16. Rd2 a4 17. Qd1 Bb4 18. Bg5 Qa5 19. Bxf6 gxf6 20. Nge2 a3 21. Qb3 c5
22. bxa3 Bxc3 23. Nxc3 cxd4 24. Qxb5+ Qxb5 25. Nxb5 Rc5 26. Nxd4 e5 27. Nb3 Rc6
28. Rfd1 O-O 29. a4 f5 30. exf5 Bxf5 31. Rd6 Rc4 32. a5 Kg7 33. R1d2 Ra8 34.
R6d5 f6 35. Kf2 Ra4 36. Rb5 Bb1 37. Nc1 Bf5 38. Rb7+ Kg8 39. Rd6 R4xa5 40. Rxf6
Bb1 41. Rxb1 1-0

[Event "Druga liga CS - Zapad 2018"]
[Site "?"]
[Date "2018.10.04"]
[Round "6.3"]
[White "Radenkovic, Aleksa"]
[Black "Simic, Goran S"]
[Result "1-0"]
[WhiteElo "2004"]
[BlackElo "2068"]
[PlyCount "53"]
[EventDate "2018.09.07"]
[WhiteTeam "ZUPA - Aleksandrovac"]
[BlackTeam "LOZNICA GRAD - Loznica"]

1. e4 d6 2. d4 Nf6 3. Nc3 g6 4. Bg5 Bg7 5. e5 dxe5 6. dxe5 Ng4 7. h3 Nxe5 8.
Qxd8+ Kxd8 9. O-O-O+ Bd7 10. f4 Nec6 11. Ne4 a6 12. Bc4 Rf8 13. Nf3 Kc8 14. g4
Na5 15. Bd3 e6 16. b4 Nac6 17. a3 h6 18. Bh4 Nd8 19. Rh2 Bc6 20. Ne5 Nd7 21.
Nxd7 Bxd7 22. Rhd2 Bc6 23. Bc4 f6 24. Nc5 Re8 25. Bf2 b5 26. Rxd8+ Rxd8 27.
Bxe6+ 1-0

[Event "Druga liga CS - Zapad 2018"]
[Site "?"]
[Date "2018.10.04"]
[Round "6.3"]
[White "Gajic, Aleksandar"]
[Black "Micic, Aleksa"]
[Result "1/2-1/2"]
[WhiteElo "1865"]
[BlackElo "1683"]
[PlyCount "85"]
[EventDate "2018.09.07"]
[WhiteTeam "LOZNICA GRAD - Loznica"]
[BlackTeam "ZUPA - Aleksandrovac"]

1. c4 Nf6 2. Nc3 e6 3. Nf3 d5 4. d4 Be7 5. Bg5 Nbd7 6. e3 O-O 7. Bd3 b6 8. O-O
Bb7 9. Rc1 c5 10. cxd5 Nxd5 11. Bxe7 Qxe7 12. e4 Nxc3 13. bxc3 Rfc8 14. Qd2
cxd4 15. cxd4 Nf6 16. e5 Nd5 17. Ng5 h6 18. Ne4 Qb4 19. Qxb4 Nxb4 20. Bb1 Bxe4
21. Bxe4 Rab8 22. f3 Rxc1 23. Rxc1 Nxa2 24. Ra1 Nc3 25. Rxa7 Ne2+ 26. Kf2 Nxd4
27. Ke3 Nb5 28. Rb7 Rxb7 29. Bxb7 Nc7 30. Kd4 Kf8 31. Bc6 Ke7 32. f4 f6 33. h3
Na6 34. Kc4 Nc7 35. Kd4 Na6 36. Kc4 Nc7 37. Kd4 fxe5+ 38. fxe5 Kf7 39. Be4 Na6
40. Kc4 Nc7 41. Kd4 Na6 42. Kc4 Nc7 43. Kd4 1/2-1/2

[Event "Druga liga CS - Zapad 2018"]
[Site "?"]
[Date "2018.10.04"]
[Round "6.4"]
[White "Dimitrijevic, Milorad"]
[Black "Danilovic, Aleksandar"]
[Result "1/2-1/2"]
[WhiteElo "2229"]
[BlackElo "2403"]
[PlyCount "74"]
[EventDate "2018.09.07"]
[WhiteTeam "BAJINA BASTA - Bajina basta"]
[BlackTeam "IVANJICA- Ivanjica"]

1. e4 e5 2. Nf3 Nc6 3. Bb5 a6 4. Ba4 Nf6 5. O-O Be7 6. Re1 b5 7. Bb3 O-O 8. c3
d5 9. d3 dxe4 10. dxe4 Qxd1 11. Bxd1 h6 12. Nbd2 Be6 13. Nf1 Rfd8 14. Ng3 a5
15. h3 a4 16. Be2 Rab8 17. Rd1 b4 18. Rxd8+ Bxd8 19. Bd2 Be7 20. Bd1 b3 21.
axb3 axb3 22. Be3 Nd7 23. Be2 Bf8 24. Ra6 Nd8 25. Nd2 Nb7 26. f3 Nbc5 27. Ra5
Rd8 28. Nc4 f6 29. Nf1 Kh7 30. Kf2 h5 31. f4 h4 32. Nfd2 g5 33. Ke1 Kg6 34. Ra7
Rc8 35. Kd1 Nb6 36. Nxb6 cxb6 37. Bb5 Rd8 1/2-1/2

[Event "Druga liga CS - Zapad 2018"]
[Site "?"]
[Date "2018.10.04"]
[Round "6.4"]
[White "Vuckovic, Branko"]
[Black "Vasic, Vladimir"]
[Result "1-0"]
[WhiteElo "2245"]
[BlackElo "2196"]
[PlyCount "81"]
[EventDate "2018.09.07"]
[WhiteTeam "IVANJICA- Ivanjica"]
[BlackTeam "BAJINA BASTA - Bajina basta"]

1. e4 e5 2. Nf3 Nc6 3. Bc4 Nf6 4. d3 Be7 5. Nc3 d6 6. h3 Be6 7. Nd5 Bxd5 8.
exd5 Nb4 9. c3 Nbxd5 10. Qb3 c6 11. Qxb7 O-O 12. Qxc6 Nb6 13. Ba6 Nfd7 14. Be3
d5 15. O-O Bf6 16. a4 d4 17. cxd4 exd4 18. Bf4 Nb8 19. Qb7 Nxa6 20. Qxa6 Qd7
21. Rfc1 Rac8 22. a5 Nd5 23. Rxc8 Rxc8 24. Rc1 Rd8 25. Bd2 h6 26. Qc6 Qxc6 27.
Rxc6 Rb8 28. Rd6 Nc7 29. Rd7 Nb5 30. a6 Rc8 31. Rb7 Rc5 32. Bf4 Kh7 33. g3 Bd8
34. Rxf7 Kg8 35. Rd7 Bb6 36. Be5 g5 37. b4 Rc1+ 38. Kg2 Rb1 39. Nxd4 Rxb4 40.
Ne6 Ra4 41. Rg7+ 1-0

[Event "Druga liga CS - Zapad 2018"]
[Site "?"]
[Date "2018.10.04"]
[Round "6.4"]
[White "Kurcubic, Jelenko"]
[Black "Bugarcic, Ivan"]
[Result "1-0"]
[WhiteElo "2094"]
[BlackElo "2184"]
[PlyCount "29"]
[EventDate "2018.09.07"]
[WhiteTeam "BAJINA BASTA - Bajina basta"]
[BlackTeam "IVANJICA- Ivanjica"]

1. Nf3 g6 2. d4 Bg7 3. g3 b6 4. Bg2 Bb7 5. O-O Nf6 6. Nc3 d6 7. Bg5 Nbd7 8. Qd2
h6 9. Bf4 g5 10. Be3 Ng4 11. h4 Nxe3 12. Qxe3 g4 13. Ne1 Bxg2 14. Nxg2 e5 15.
Qe4 1-0

[Event "Druga liga CS - Zapad 2018"]
[Site "?"]
[Date "2018.10.04"]
[Round "6.4"]
[White "Naskovic, Filip"]
[Black "Minic, Miroslav"]
[Result "1-0"]
[WhiteElo "2197"]
[BlackElo "2078"]
[PlyCount "99"]
[EventDate "2018.09.07"]
[WhiteTeam "IVANJICA- Ivanjica"]
[BlackTeam "BAJINA BASTA - Bajina basta"]

1. e4 e5 2. Bc4 Nf6 3. d3 d5 4. exd5 Nxd5 5. Nf3 Nc6 6. O-O Be7 7. Re1 Bg4 8.
h3 Bh5 9. g4 Bg6 10. Nxe5 Nxe5 11. Rxe5 Nb6 12. Bb3 O-O 13. Nc3 Bd6 14. Re1 Qh4
15. Qf3 Kh8 16. Ne4 Rae8 17. Bd2 Be5 18. Bc3 f5 19. Ng3 Bxc3 20. bxc3 fxg4 21.
Rxe8 Rxe8 22. hxg4 Nd7 23. Qxb7 Ne5 24. Kg2 Qxg4 25. Bd5 h5 26. Rh1 h4 27. Qb4
Qxb4 28. cxb4 Bf7 29. Bxf7 Nxf7 30. Rxh4+ Kg8 31. Re4 Rb8 32. Nf5 Kf8 33. a3
Rb5 34. Nd4 Rg5+ 35. Kf1 Nd8 36. Ne6+ Nxe6 37. Rxe6 a5 38. Rc6 axb4 39. axb4
Rb5 40. c3 Rb7 41. Ke2 Ra7 42. Ke3 Kf7 43. b5 Ke7 44. c4 Rb7 45. d4 Kf7 46. d5
Ke7 47. Kd4 Ra7 48. Kc5 g5 49. Ra6 Rb7 50. Kc6 1-0

[Event "Druga liga CS - Zapad 2018"]
[Site "?"]
[Date "2018.10.04"]
[Round "6.4"]
[White "Jelisavcic, Srdjan"]
[Black "Kolarevic, Darko"]
[Result "0-1"]
[WhiteElo "2077"]
[BlackElo "2163"]
[PlyCount "70"]
[EventDate "2018.09.07"]
[WhiteTeam "BAJINA BASTA - Bajina basta"]
[BlackTeam "IVANJICA- Ivanjica"]

1. d4 Nf6 2. Nf3 g6 3. g3 Bg7 4. Bg2 O-O 5. O-O d6 6. Nc3 Nbd7 7. Bg5 h6 8. Bf4
Nh5 9. Be3 c6 10. Qd2 Kh7 11. g4 Nhf6 12. h3 e5 13. dxe5 dxe5 14. Rad1 Re8 15.
Ne1 Qe7 16. Na4 Nd5 17. Bxd5 cxd5 18. Qxd5 f5 19. gxf5 gxf5 20. Ng2 f4 21. Bc1
Nf6 22. Qf3 Bd7 23. Nc3 Bc6 24. e4 fxe3 25. Qf5+ Kg8 26. Bxe3 Rf8 27. Qg6 Be8
28. Qd3 Bc6 29. Qc4+ Rf7 30. Bc5 Qe8 31. Qe2 Bxg2 32. Kxg2 Qc6+ 33. f3 Qxc5 34.
Nb5 Nh5 35. b4 Nf4+ 0-1

[Event "Druga liga CS - Zapad 2018"]
[Site "?"]
[Date "2018.10.04"]
[Round "6.4"]
[White "Gavrilovic, Vladan"]
[Black "Mijanovic, Dragan"]
[Result "1/2-1/2"]
[WhiteElo "2174"]
[BlackElo "2040"]
[PlyCount "73"]
[EventDate "2018.09.07"]
[WhiteTeam "IVANJICA- Ivanjica"]
[BlackTeam "BAJINA BASTA - Bajina basta"]

1. d4 d5 2. c4 c6 3. Nf3 g6 4. Nc3 Bg7 5. e3 Nf6 6. Be2 O-O 7. O-O Nbd7 8. b3
e6 9. Bb2 Ne4 10. Nxe4 dxe4 11. Nd2 f5 12. Qc2 e5 13. dxe5 Nxe5 14. f4 exf3 15.
Nxf3 Ng4 16. Bxg7 Kxg7 17. h3 Nf6 18. Rae1 Re8 19. Bd3 Qe7 20. Qc3 Kg8 21. Rf2
Bd7 22. Rfe2 c5 23. e4 f4 24. e5 Nh5 25. Be4 Be6 26. Rd2 Rad8 27. Bd5 Ng7 28.
Qd3 Kf8 29. Qe4 Nh5 30. Bxe6 Qxe6 31. Rxd8 Rxd8 32. Qxb7 Rd3 33. Ng5 Qf5 34.
Nxh7+ Kg8 35. Nf6+ Nxf6 36. exf6 Qd7 37. Re8+ 1/2-1/2

[Event "Druga liga CS - Zapad 2018"]
[Site "?"]
[Date "2018.10.04"]
[Round "6.4"]
[White "Djordjevic, Edita"]
[Black "Milikic, Milorad"]
[Result "1/2-1/2"]
[WhiteElo "2030"]
[BlackElo "2015"]
[PlyCount "82"]
[EventDate "2018.09.07"]
[WhiteTeam "BAJINA BASTA - Bajina basta"]
[BlackTeam "IVANJICA- Ivanjica"]

1. e4 e6 2. d4 d5 3. Nc3 Nf6 4. e5 Nfd7 5. f4 c5 6. Nf3 Nc6 7. Be3 a6 8. Qd2 b5
9. a3 Bb7 10. Be2 Rc8 11. O-O cxd4 12. Nxd4 Nxd4 13. Bxd4 Bc5 14. Kh1 Bxd4 15.
Qxd4 Qb6 16. Rad1 g6 17. Rf3 Qxd4 18. Rxd4 Nb6 19. b3 Rc7 20. Bd1 Ke7 21. Ne2
Rhc8 22. Kg1 Nd7 23. g4 Nc5 24. Rh3 Rh8 25. Ng3 Nd7 26. Ne2 f6 27. exf6+ Nxf6
28. g5 Ne4 29. c3 Bc8 30. Re3 Bb7 31. Bc2 Nd6 32. Ng3 Rhc8 33. Ne2 a5 34. Bd3
Kf7 35. h4 Bc6 36. Kf2 Bd7 37. Kf3 Kg7 38. Bb1 Rh8 39. Kg3 Rcc8 40. Bd3 Nb7 41.
Bc2 Nd6 1/2-1/2

[Event "Druga liga CS - Zapad 2018"]
[Site "?"]
[Date "2018.10.04"]
[Round "6.4"]
[White "Miletic, Vojin"]
[Black "Lazovic, Luka"]
[Result "1/2-1/2"]
[WhiteElo "1584"]
[BlackElo "1754"]
[PlyCount "53"]
[EventDate "2018.09.07"]
[WhiteTeam "IVANJICA- Ivanjica"]
[BlackTeam "BAJINA BASTA - Bajina basta"]

1. d4 Nf6 2. c4 c5 3. Nf3 g6 4. Nc3 cxd4 5. Nxd4 Bg7 6. g3 O-O 7. Bg2 Nc6 8. e3
Qb6 9. O-O d6 10. Na4 Qc7 11. b3 Bd7 12. Nc3 a6 13. Bb2 Rac8 14. Rc1 Qb8 15.
Re1 Rfe8 16. Nd5 Nxd5 17. Bxd5 Nb4 18. a3 Nxd5 19. cxd5 Rxc1 20. Qxc1 Rc8 21.
Qd2 Rc5 22. e4 Qc7 23. Re3 e5 24. dxe6 fxe6 25. Rc3 e5 26. Rxc5 Qxc5 27. Ne2
1/2-1/2

[Event "Druga liga CS - Zapad 2018"]
[Site "?"]
[Date "2018.10.04"]
[Round "6.5"]
[White "Jovanovic, Bojan V"]
[Black "Burovic, Ismet"]
[Result "0-1"]
[WhiteElo "2277"]
[BlackElo "2332"]
[PlyCount "68"]
[EventDate "2018.09.07"]
[WhiteTeam "SMEDEREVSKI SK - Smederevo"]
[BlackTeam "TUTIN - Tutin"]

1. d4 d6 2. Nf3 g6 3. c4 Bg7 4. Nc3 e5 5. e4 Nc6 6. d5 Nce7 7. Be2 f5 8. O-O
Nf6 9. exf5 gxf5 10. c5 O-O 11. cxd6 cxd6 12. Qb3 Kh8 13. Rd1 h6 14. a4 Rg8 15.
a5 Bf8 16. Ra4 f4 17. Kh1 Ng4 18. Ne4 Nf5 19. h3 Nxf2+ 20. Nxf2 Ng3+ 21. Kh2
Nxe2 22. Qc2 Ng3 23. Rc4 Bf5 24. Qa4 Rc8 25. Bd2 Rxc4 26. Qxc4 Rg7 27. Bc3 Nh5
28. Rg1 Be7 29. Nd2 Qe8 30. Nfe4 Qg6 31. Qe2 Ng3 32. Nxg3 Qxg3+ 33. Kh1 Bxh3
34. Qf3 Bf5 0-1

[Event "Druga liga CS - Zapad 2018"]
[Site "?"]
[Date "2018.10.04"]
[Round "6.5"]
[White "Suljovic, Sulejman"]
[Black "Skakic, Zeljko"]
[Result "0-1"]
[WhiteElo "2236"]
[BlackElo "2249"]
[PlyCount "104"]
[EventDate "2018.09.07"]
[WhiteTeam "TUTIN - Tutin"]
[BlackTeam "SMEDEREVSKI SK - Smederevo"]

1. e4 c6 2. d4 d5 3. e5 Bf5 4. Ne2 e6 5. Ng3 Bg6 6. h4 h5 7. Nd2 c5 8. Bd3 cxd4
9. Bxg6 fxg6 10. Nf3 Bb4+ 11. c3 dxc3 12. O-O cxb2 13. Bxb2 Nc6 14. Ng5 Qd7 15.
Qd3 Nge7 16. a3 Bc5 17. Rad1 Rd8 18. Ne2 O-O 19. Qh3 Rf5 20. Ng3 Rxg5 21. hxg5
Rf8 22. Ne4 Bb6 23. Rd2 Nf5 24. Nd6 Qe7 25. Nxf5 Rxf5 26. Rd3 Nxe5 27. Bxe5
Rxe5 28. Kh1 Qxg5 29. Rg3 Qf5 30. Qh4 Re4 31. Qe7 Qf7 32. Qg5 Bc7 33. Rf3 Rf4
34. Rxf4 Qxf4 35. Qxf4 Bxf4 36. Rb1 b6 37. g3 Bd6 38. a4 Bc5 39. Kg2 Kf7 40.
Rb3 g5 41. Rb5 a5 42. f3 e5 43. Rb1 g4 44. fxg4 hxg4 45. Rh1 Kf6 46. Rh4 Kf5
47. Rh5+ g5 48. Rh7 d4 49. Rf7+ Ke6 50. Rg7 d3 51. Kf1 e4 52. Rg8 e3 0-1

[Event "Druga liga CS - Zapad 2018"]
[Site "?"]
[Date "2018.10.04"]
[Round "6.5"]
[White "Stankovic, Dragan B"]
[Black "Ikic, Alija"]
[Result "1/2-1/2"]
[WhiteElo "2229"]
[BlackElo "2160"]
[PlyCount "82"]
[EventDate "2018.09.07"]
[WhiteTeam "SMEDEREVSKI SK - Smederevo"]
[BlackTeam "TUTIN - Tutin"]

1. d4 d6 2. c4 Nf6 3. Nc3 g6 4. e4 Bg7 5. f4 O-O 6. Nf3 c5 7. d5 e6 8. Be2 exd5
9. cxd5 b5 10. e5 dxe5 11. fxe5 Ng4 12. Bf4 a6 13. h3 Nh6 14. O-O Nf5 15. d6
Nc6 16. Nd5 Bb7 17. Bg5 Qa5 18. Ne7+ Ncxe7 19. dxe7 Rfe8 20. a4 b4 21. Bc4 h6
22. Qb3 hxg5 23. Bxf7+ Kh8 24. Bxe8 c4 25. Qxc4 Rxe8 26. Nxg5 Bd5 27. Qg4 Qb6+
28. Kh1 Rxe7 29. e6 Bxe6 30. Rae1 Kg8 31. Rxf5 Bxf5 32. Qc4+ Kf8 33. Rxe7 Kxe7
34. Qf7+ Kd8 35. Qg8+ Kc7 36. Qxg7+ Kb8 37. Qf8+ Ka7 38. Qe7+ Qb7 39. Qe5 Qc6
40. Qd4+ Qb6 41. Qg7+ Ka8 1/2-1/2

[Event "Druga liga CS - Zapad 2018"]
[Site "?"]
[Date "2018.10.04"]
[Round "6.5"]
[White "Smailovic, Ramiz"]
[Black "Tomanovic, Nikola"]
[Result "1/2-1/2"]
[WhiteElo "2144"]
[BlackElo "2215"]
[PlyCount "53"]
[EventDate "2018.09.07"]
[WhiteTeam "TUTIN - Tutin"]
[BlackTeam "SMEDEREVSKI SK - Smederevo"]

1. d4 f5 2. Nf3 Nf6 3. g3 g6 4. b3 Bg7 5. Bb2 d6 6. Bg2 O-O 7. O-O c6 8. c4 e5
9. dxe5 Ng4 10. h3 Nxe5 11. Qd2 Qe7 12. e3 Nbd7 13. Nc3 Nf6 14. Rad1 Nf7 15.
Rfe1 Re8 16. Qc2 Ne4 17. Nd2 Nxc3 18. Bxc3 Bd7 19. Bxg7 Kxg7 20. Qc3+ Qe5 21.
Nb1 Rad8 22. Rd3 Bc8 23. Red1 Qf6 24. Qxf6+ Kxf6 25. Nc3 Re6 26. e4 Rde8 27. f3
1/2-1/2